000 00383nam a2200145 a 4500
005 20140414132105.0
008 100823s19uu xx 00 eng d
050 _aM 292.211
_bG17 1993
100 _aGardner, Jane
245 _aRoman myths.
260 _aLondon :
_bThe British Museum Press,
_c1993.
440 _aThe legendary past
650 _aMythology, Roman
999 _c114568
_d114568